| 000 | 00729cam a2200253 a 4500 | ||
|---|---|---|---|
| 001 | 2566532 | ||
| 005 | 20180214033847.0 | ||
| 008 | 950324s1994 enk b 001 0 eng | ||
| 010 | _a 95131301 | ||
| 020 | _a0198288786 (pbk.) | ||
| 020 | _a0198288778 (hard) | ||
| 040 |
_aDLC _cDLC _dDLC |
||
| 041 | _aeng | ||
| 043 | _ae-uk--- | ||
| 080 | _a658.4 BUR | ||
| 082 | 0 | 0 |
_a658.4 BUR _220 |
| 100 | 1 | _a54 | |
| 101 | _aMEN | ||
| 245 | 1 | 4 |
_aThe management of innovation / _cTom Burns and G.M. Stalker. |
| 504 | _aIncludes bibliographical references (p. 263-266) and index. | ||
| 906 |
_a7 _bcbc _corignew _d2 _encip _f19 _gy-gencatlg |
||
| 942 |
_2ddc _cBK |
||
| 999 |
_c42455 _d42455 |
||